Thermal physics and statistics / (Record no. 39553)

MARC details
000 -LEADER
fixed length control field 00669nam a22001937a 4500
005 - DATE AND TIME OF LATEST TRANSACTION
control field 20100805160053.0
010 ## - LCCN (DPL NO)
LC control number ENG-98330
020 ## - INTERNATIONAL STANDARD BOOK NUMBER
International Standard Book Number 9788190702911
Terms of availability 40.00
035 ## - SYSTEM CONTROL NUMBER
System control number EN-81863
037 ## - SOURCE OF ACQUISITION
Source of stock number/acquisition DBAD/PUB
082 ## - DEWEY DECIMAL CLASSIFICATION NUMBER
Classification number 536.7
100 ## - MAIN ENTRY--PERSONAL NAME
Personal name Kishor Kumar, J.
245 ## - TITLE STATEMENT
Title Thermal physics and statistics /
Statement of responsibility, etc by J.Kishor Kumar
260 ## - PUBLICATION, DISTRIBUTION, ETC. (IMPRINT)
Place of publication, distribution, etc Coimbatore
Name of publisher, distributor, etc Wisdom Based Computing Publishers
Date of publication, distribution, etc 2008
270 ## - ADDRESS
City Coimbatore
Postal code 641046
300 ## - PHYSICAL DESCRIPTION
Extent 138p.:
Other physical details ill.
Dimensions 21cm (pbk)
942 ## - ADDED ENTRY ELEMENTS (KOHA)
Source of classification or shelving scheme Dewey Decimal Classification
Item type English Books
Classification part 536.7
Call number suffix KIS
Holdings
Withdrawn status Lost status Not for loan Collection code Home library Current library Date acquired Source of acquisition Cost, normal purchase price Full call number Barcode Copy number Cost, replacement price Koha item type
    Not For Loan Non-fiction D.B.Act.Division D.B.Act.Division 05/08/2010 DBAD/PUB 40.00 536.7 KIS EN-81863 1 40.00 English Books

© Delhi Public Library
Hit Counter
free hit counter